From isolation to leadership : a review of American foreign policy /

Bibliographic Details
Main Author: Latané, John Holladay, 1869-1932
Format: Book
Language:English
Published: Garden City, N. Y. : Doubleday, Page, 1918.
Subjects:

MARC

Tag First Indicator Second Indicator Subfields
LEADER 00000cam a2200000 4500
001 in00000067633
005 20151008050147.0
008 760531s1918 nyu 00010 eng
010 |a  18020859  
035 |a (OCoLC)02203580 
035 |9 AAF9940AM 
040 |a DLC  |c CSU  |d TXA  |d UtOrBLW 
049 |a TXAM  |c [14469] 
050 0 0 |a JX1407  |b .L3 
090 |a JZ1469  |b .L37 1918 
092 |a 327.73  |b L351f 
100 1 |a Latané, John Holladay,  |d 1869-1932. 
245 1 0 |a From isolation to leadership :  |b a review of American foreign policy /  |c by John Holladay Latane. 
264 1 |a Garden City, N. Y. :  |b Doubleday, Page,  |c 1918. 
300 |a 5 preliminary leaves, 3-215 pages, 2 unnumbered pages ;  |c 19 cm. 
336 |a text  |b txt  |2 rdacontent 
337 |a unmediated  |b n  |2 rdamedia 
338 |a volume  |b nc  |2 rdacarrier 
651 0 |a United States  |x Foreign relations. 
999 |a MARS 
999 f f |s d48bdb8f-2369-3a76-ad20-8cf440735310  |i 68c42129-70d5-3dfb-adf9-52200842f35e  |t 0 
952 f f |p normal  |a Texas A&M University  |b College Station  |c Sterling C. Evans Library  |d Evans: Library Stacks  |t 0  |e JZ1469 .L37 1918  |h Library of Congress classification  |i unmediated -- volume  |m A14800678533 
998 f f |a JZ1469 .L37 1918  |t 0  |l Evans: Library Stacks